Pokémon - Les attaques de Papilord - Statistiques

Statistiques générales
  • Ce quiz a été pris 14 fois
  • Le résultat moyen est 12 sur 15
Statistiques - réponses
Niveaux Types Noms des attaques % Correct
Niveau 50 Insecte Bourdon
100%
Départ Évolution Insecte Papillodanse
100%
Départ Niveau 15 Insecte Piqûre
100%
Niveau 32 Psy Rafale Psy
100%
Niveau 26 Vol Tornade
100%
Départ Normal Charge
88%
Niveau 23 Psy Choc Mental
88%
Niveau 41 Vol Lame d'Air
88%
Niveau 29 Poison Poudre Toxik
88%
Niveau 44 Psy Psyko
88%
Départ Niveau 10 Normal Abri
75%
Niveau 38 Insecte Vent Argenté
75%
Niveau 47 Insecte Furie-Bond
38%
Niveau 20 Normal Puissance Cachée
25%
Niveau 35 Normal Camouflage
0%
Aucun quiz correspondant
Distribution des résultats
% des personnes avec chaque résultat
Percentile par nombre de réponses
Votre historique - résultats
Vous n’avez pas pris ce quiz